00911cam a2200229 a 45000010009000000050017000090080041000260200024000670200015000910500023001060820014001291000019001432450081001622500012002432600058002553000034003136500026003477000019003738560106003928560091004988560092005891465928320260212162532.0061207s2007 enka b 001 0 eng  a9780230001749qpbk. a023000174200aHF5549b.B789 200700a658.32221 aBratton, John.10aHuman resource management :btheory and practice /cJohn Bratton, Jeff Gold. a4th ed. aBasingstoke [England] ;aNew York :bPalgrave,c2007. axli, 661 p. :bill. ;c25 cm. 0aPersonnel management.1 aGold, Jeffrey.423Contributor biographical informationuhttp://www.loc.gov/catdir/enhancements/fy0619/2006052707-b.html423Publisher descriptionuhttp://www.loc.gov/catdir/enhancements/fy0619/2006052707-d.html413Table of contents onlyuhttp://www.loc.gov/catdir/enhancements/fy0619/2006052707-t.html